[Event "3o Piacenza Chess Festival - Open A"]
[Site "Piacenza ITA"]
[Date "2025.10.24"]
[Round "1.1"]
[White "DI BARTOLOMEO, Adrian Mikail"]
[Black "PISKOV, Yury"]
[Result "1/2-1/2"]
[WhiteElo "2076"]
[BlackElo "2435"]
[PlyCount "43"]
[EventDate "2025.10.24"]

1. d4 Nf6 2. Nf3 c6 3. c3 d6 4. h3 g6 5. Bf4 Qb6 6. Qb3 Be6 7. c4 Na6 8. Nbd2
Bf5 9. g4 Be4 10. Bg2 Bxf3 11. Bxf3 Bg7 12. e3 Nd7 13. Bg3 O-O 14. O-O Rfd8 15.
Rfd1 Nf8 16. a3 Rd7 17. Qxb6 axb6 18. Rac1 Nc7 19. Ne4 b5 20. cxb5 Nxb5 21. Nc3
Nxc3 22. Rxc3 1/2-1/2

[Event "3o Piacenza Chess Festival - Open A"]
[Site "Piacenza ITA"]
[Date "2025.10.24"]
[Round "1.2"]
[White "NIKOLOVSKI, Nikola"]
[Black "DIONIGI, Riccardo"]
[Result "1-0"]
[WhiteElo "2402"]
[BlackElo "2071"]
[PlyCount "61"]
[EventDate "2025.10.24"]

1. f4 d5 2. Nf3 g6 3. e3 Bg7 4. Be2 c6 5. O-O Qb6 6. Nc3 Nh6 7. Kh1 O-O 8. Qe1
Nd7 9. d3 f6 10. e4 d4 11. Na4 Qa6 12. b3 e5 13. Qh4 Nf7 14. f5 g5 15. Qg3 b5
16. Nb2 Bb7 17. h4 h6 18. Nh2 Qb6 19. Bh5 c5 20. a4 a6 21. Ng4 c4 22. bxc4 Nd6
23. hxg5 hxg5 24. Qh3 Rfc8 25. Bxg5 fxg5 26. f6 Nxe4 27. dxe4 Nxf6 28. Bg6 Rc7
29. c5 Qxc5 30. Nxf6+ Bxf6 31. Qe6+ 1-0

[Event "3o Piacenza Chess Festival - Open A"]
[Site "Piacenza ITA"]
[Date "2025.10.24"]
[Round "1.3"]
[White "BOSI, Clint"]
[Black "HERCEGOVAC, Neven"]
[Result "0-1"]
[WhiteElo "2067"]
[BlackElo "2287"]
[PlyCount "60"]
[EventDate "2025.10.24"]

1. d4 d5 2. c4 e6 3. Nf3 Nd7 4. g3 dxc4 5. Bg2 Ngf6 6. O-O c6 7. a4 a5 8. Qc2
b5 9. b3 cxb3 10. Qxb3 b4 11. Bf4 Bb7 12. Nbd2 Nd5 13. Nc4 Nxf4 14. gxf4 c5 15.
Rfd1 cxd4 16. Rxd4 Bc5 17. Rad1 Bd5 18. Rxd5 exd5 19. Rxd5 O-O 20. Nfe5 Qh4 21.
e3 Nxe5 22. Nxe5 Be7 23. Rd7 Rad8 24. Ra7 Rd2 25. Nd3 Rd8 26. Bd5 Qg4+ 27. Kf1
Rd1+ 28. Ne1 R8xd5 29. Rxe7 Qh3+ 30. Ke2 R1d2# 0-1

[Event "3o Piacenza Chess Festival - Open A"]
[Site "Piacenza ITA"]
[Date "2025.10.24"]
[Round "1.4"]
[White "TIRELLI, Mauro"]
[Black "BERGAMASCHI, Elia"]
[Result "1-0"]
[WhiteElo "2261"]
[BlackElo "2061"]
[PlyCount "147"]
[EventDate "2025.10.24"]

1. f4 d5 2. Nf3 c5 3. e3 Nc6 4. Bb5 Bd7 5. b3 g6 6. Bb2 Nf6 7. O-O Bg7 8. Qe1
O-O 9. Qh4 Re8 10. Nc3 a6 11. Bxc6 Bxc6 12. Ne5 Qc7 13. Ne2 Bb5 14. d3 Nd7 15.
a4 Bc6 16. Nxc6 Qxc6 17. Bxg7 Kxg7 18. f5 Nf6 19. a5 Qd6 20. Rf3 Rac8 21. Raf1
Rf8 22. g4 Nd7 23. g5 h5 24. Ng3 Rh8 25. fxg6 fxg6 26. Rf7+ Kg8 27. Qh3 Re8 28.
d4 cxd4 29. exd4 Rd8 30. Ne2 e5 31. R1f6 Nxf6 32. Rxf6 Qd7 33. Rxg6+ Kf7 34.
Rf6+ Kg7 35. Qxd7+ Rxd7 36. dxe5 h4 37. Kf2 Re7 38. e6 Rh5 39. Rf5 Kg6 40. Rxd5
Rxg5 41. Nf4+ Kh6 42. c4 Rg8 43. Rh5+ Kg7 44. Rxh4 Rd8 45. Rg4+ Kh7 46. Ke3 Kh6
47. Ke4 Rd2 48. h3 Rg7 49. Rh4+ Kg5 50. Rg4+ Kh6 51. Rh4+ Kg5 52. Rh8 Rd1 53.
h4+ Kg4 54. Nd5 Re1+ 55. Ne3+ Kg3 56. Kd3 Rg6 57. Kd2 Rxe6 58. Kxe1 Rxe3+ 59.
Kd2 Rxb3 60. Rh7 Ra3 61. Rxb7 Kxh4 62. Rg7 Rxa5 63. Kc3 Ra1 64. Kb2 Ra4 65. Kb3
Ra1 66. c5 Rc1 67. Kb4 Kh5 68. Ra7 Kg6 69. Rxa6+ Kf7 70. Rd6 Rb1+ 71. Ka5 Ke7
72. Rd2 Rb3 73. c6 Rb1 74. Ka6 1-0

[Event "3o Piacenza Chess Festival - Open A"]
[Site "Piacenza ITA"]
[Date "2025.10.24"]
[Round "1.5"]
[White "BONADE', Massimo"]
[Black "CASADIO, Niccolo'"]
[Result "1-0"]
[WhiteElo "2011"]
[BlackElo "2186"]
[PlyCount "83"]
[EventDate "2025.10.24"]

1. e4 e6 2. d4 d5 3. Nc3 Nf6 4. e5 Nfd7 5. f4 c5 6. Nf3 Nc6 7. Be3 a6 8. a3 b5
9. Bd3 Qb6 10. O-O h6 11. f5 Ndxe5 12. dxe5 d4 13. Bf2 dxc3 14. fxe6 Bxe6 15.
bxc3 Be7 16. Qe2 Qc7 17. a4 bxa4 18. Rxa4 a5 19. Rfa1 O-O 20. Qe4 g6 21. Qf4
Rfd8 22. Qxh6 Nxe5 23. Bg3 Bf6 24. Nxe5 Bxe5 25. Bxg6 c4 26. Bh7+ Kh8 27. Be4+
Kg8 28. Qg5+ Kf8 29. Bxe5 Qb6+ 30. Kh1 Rac8 31. Qg7+ Ke8 32. Qh8+ Ke7 33. Qh4+
Ke8 34. Bf6 Rd2 35. h3 Qd6 36. Rxa5 Kd7 37. Be5 Rd1+ 38. Rxd1 Qxd1+ 39. Kh2 Re8
40. Ra7+ Kc8 41. Bb7+ Kd7 42. Bf3+ 1-0

[Event "3o Piacenza Chess Festival - Open A"]
[Site "Piacenza ITA"]
[Date "2025.10.24"]
[Round "1.6"]
[White "MAMMI, Ottavio"]
[Black "BALDI, Matteo"]
[Result "1-0"]
[WhiteElo "2182"]
[BlackElo "2008"]
[PlyCount "59"]
[EventDate "2025.10.24"]

1. c4 Nf6 2. g3 e6 3. Bg2 d5 4. Nf3 d4 5. e3 c5 6. exd4 cxd4 7. O-O Nc6 8. d3
h6 9. Re1 Nd7 10. Na3 Bxa3 11. bxa3 O-O 12. Rb1 Re8 13. Nd2 e5 14. Ne4 Qc7 15.
Qg4 Kh7 16. Qh5 Kg8 17. a4 Re6 18. f4 Qa5 19. Bd2 Qd8 20. Bh3 Nf6 21. Nxf6+
Rxf6 22. fxe5 Rg6 23. e6 Bxe6 24. Rxb7 Bxh3 25. Qxh3 Rb8 26. Rxb8 Qxb8 27. Bc1
Qb4 28. Qc8+ Kh7 29. Re8 Rf6 30. Rh8+ 1-0

[Event "3o Piacenza Chess Festival - Open A"]
[Site "Piacenza ITA"]
[Date "2025.10.24"]
[Round "1.7"]
[White "CANOVA, Luca"]
[Black "MAGLIONI, Leonardo"]
[Result "0-1"]
[WhiteElo "1998"]
[BlackElo "2103"]
[PlyCount "118"]
[EventDate "2025.10.24"]

1. Nf3 c5 2. e3 Nc6 3. d4 cxd4 4. exd4 d5 5. c3 Bg4 6. Nbd2 e6 7. Qa4 Bd6 8.
Ne5 Bxe5 9. dxe5 Bh5 10. Bb5 Nge7 11. O-O a6 12. Bd3 b5 13. Qf4 Bg6 14. Be2 Qc7
15. Nf3 Be4 16. Ng5 Ng6 17. Qg3 Qxe5 18. f4 Qc7 19. Nxe4 dxe4 20. Be3 O-O 21.
h4 Nge7 22. Qf2 Nd5 23. Bc5 Nce7 24. Bxe7 Qxe7 25. a4 b4 26. c4 Nf6 27. Rac1
Rfc8 28. c5 Nd5 29. Qd4 Qf6 30. Qxf6 gxf6 31. g3 Rc6 32. Kf2 Rac8 33. Rc4 Rxc5
34. Rxe4 f5 35. Re5 Rc2 36. Rb1 a5 37. Ke1 R2c5 38. Rd1 Kf8 39. Bf3 Nb6 40.
Rd8+ Ke7 41. Rxc8 Rxe5+ 42. fxe5 Nxc8 43. Kd2 Nb6 44. b3 Nd7 45. Ke3 Nxe5 46.
Be2 f6 47. Kd4 Kd6 48. Bd1 h6 49. Be2 Kc6 50. Bd1 Kb6 51. Bh5 Nd7 52. Bf7 Nc5
53. Kc4 e5 54. Bg6 Ne4 55. g4 Nd2+ 56. Kd3 Nxb3 57. Bxf5 Nc5+ 58. Kc4 Nxa4 59.
Kd5 Nc5 1-0

[Event "3o Piacenza Chess Festival - Open A"]
[Site "Piacenza ITA"]
[Date "2025.10.24"]
[Round "1.8"]
[White "OLUKA, Robert Mcligeyo"]
[Black "MANGILI, Gabriele"]
[Result "1-0"]
[WhiteElo "2090"]
[BlackElo "1984"]
[PlyCount "80"]
[EventDate "2025.10.24"]

1. e4 Nc6 2. Nf3 d6 3. Bc4 Nf6 4. d3 Na5 5. Bb3 Nxb3 6. axb3 g6 7. O-O Bg7 8.
Nc3 O-O 9. d4 c6 10. Re1 Qc7 11. d5 Rd8 12. h3 a6 13. Be3 b5 14. dxc6 Qxc6 15.
e5 Ne8 16. Nd5 Qb7 17. Bg5 Bf8 18. Bxe7 Bxe7 19. exd6 Rxd6 20. Rxe7 Qxd5 21.
Rxe8+ Kg7 22. Qe1 Bb7 23. Qc3+ Rf6 24. Rxa8 Bxa8 25. Rxa6 Bc6 26. Qe5 Qxe5 27.
Nxe5 Be4 28. Rxf6 Kxf6 29. Ng4+ Ke6 30. Ne3 f5 31. f3 f4 32. fxe4 fxe3 33. Kf1
Ke5 34. Ke2 Kxe4 35. g3 h6 36. c3 g5 37. b4 h5 38. b3 h4 39. gxh4 gxh4 40. c4
Kf4 1-0

[Event "3o Piacenza Chess Festival - Open A"]
[Site "Piacenza ITA"]
[Date "2025.10.24"]
[Round "1.9"]
[White "TRAMALLONI, Luca"]
[Black "FRANZA, Marco"]
[Result "1/2-1/2"]
[WhiteElo "1973"]
[BlackElo "2088"]
[PlyCount "21"]
[EventDate "2025.10.24"]

1. d4 d5 2. Bf4 Nf6 3. Nf3 e6 4. e3 Bd6 5. Bxd6 cxd6 6. c4 dxc4 7. Bxc4 Qb6 8.
Qe2 Bd7 9. Nc3 Bc6 10. O-O O-O 11. Rab1 1/2-1/2

[Event "3o Piacenza Chess Festival - Open A"]
[Site "Piacenza ITA"]
[Date "2025.10.24"]
[Round "1.10"]
[White "MARZATICO, Luca"]
[Black "SPECIALE, Francesco"]
[Result "1-0"]
[WhiteElo "2087"]
[BlackElo "1972"]
[PlyCount "79"]
[EventDate "2025.10.24"]

1. d4 Nf6 2. c4 e6 3. Nf3 b6 4. g3 Bb7 5. Bg2 Be7 6. O-O O-O 7. Nc3 d5 8. Ne5
a6 9. Qc2 Qc8 10. cxd5 exd5 11. Bg5 Qd8 12. Rac1 h6 13. Bxf6 Bxf6 14. Qb3 c6
15. f4 b5 16. Na4 Nd7 17. Nc5 Nxc5 18. Rxc5 Bxe5 19. dxe5 Kh8 20. Qc2 f6 21.
exf6 Qxf6 22. Qc3 Rae8 23. Qxf6 Rxf6 24. Bf3 Kg8 25. Rfc1 Kf8 26. Kf2 Re7 27.
R1c3 Rfe6 28. Bg4 Re4 29. Rd3 Ra4 30. a3 Rae4 31. e3 g6 32. Rc2 a5 33. h4 Rf7
34. Rd4 Rxd4 35. exd4 g5 36. hxg5 hxg5 37. Kf3 Kg7 38. Be6 Rf6 39. f5 b4 40.
Kg4 1-0

[Event "3o Piacenza Chess Festival - Open A"]
[Site "Piacenza ITA"]
[Date "2025.10.24"]
[Round "1.11"]
[White "PIN, Orlando"]
[Black "ROSTALNYI, Kyrylo"]
[Result "0-1"]
[WhiteElo "1955"]
[BlackElo "2079"]
[PlyCount "80"]
[EventDate "2025.10.24"]

1. e4 c5 2. Nf3 d6 3. d4 Nf6 4. Nc3 cxd4 5. Nxd4 a6 6. h3 e6 7. g4 d5 8. exd5
Nxd5 9. Ne4 Be7 10. Bg2 Qc7 11. O-O Nf4 12. Bxf4 Qxf4 13. c4 Nd7 14. a3 O-O 15.
Qc2 Nf6 16. b4 h5 17. Ne2 Qc7 18. Rad1 hxg4 19. Nxf6+ Bxf6 20. hxg4 g6 21. Qe4
Rb8 22. Rd3 Bd7 23. Rfd1 Bc6 24. Qf4 Qxf4 25. Nxf4 Ba4 26. Re1 b6 27. Bf3 Rfc8
28. Bd1 Bxd1 29. Rexd1 Rxc4 30. Rf3 Be5 31. Nd3 Rxg4+ 32. Kf1 Rd8 33. Rc1 Bh2
34. Rc6 Rgd4 35. Ke2 R4d6 36. Rc1 e5 37. Rc7 e4 38. Rfxf7 exd3+ 39. Kd1 Be5 40.
Rfe7 Rd5 0-1

[Event "3o Piacenza Chess Festival - Open A"]
[Site "Piacenza ITA"]
[Date "2025.10.24"]
[Round "2.1"]
[White "MAGLIONI, Leonardo"]
[Black "NIKOLOVSKI, Nikola"]
[Result "0-1"]
[WhiteElo "2103"]
[BlackElo "2402"]
[PlyCount "86"]
[EventDate "2025.10.24"]

1. c4 f5 2. Nc3 Nf6 3. d4 e6 4. e3 Bb4 5. Bd3 Bxc3+ 6. bxc3 d6 7. Ba3 Nbd7 8.
Nh3 c5 9. f3 Qe7 10. O-O b6 11. Bc1 O-O 12. Qc2 Bb7 13. Bd2 Rac8 14. e4 fxe4
15. fxe4 cxd4 16. cxd4 e5 17. c5 exd4 18. cxd6 Qxd6 19. Qb3+ Kh8 20. Ng5 Qe7
21. Qe6 Qxe6 22. Nxe6 Rfe8 23. Nxd4 Nc5 24. Bc2 Ne6 25. Ba4 Nxd4 26. Bxe8 Rxe8
27. Rae1 Ba6 28. Rf2 Ng4 29. Rf7 Kg8 30. Rxa7 Ne2+ 31. Rxe2 Bxe2 32. h3 Nf6 33.
a4 Rxe4 34. a5 bxa5 35. Rxa5 Bc4 36. Bc3 Re2 37. Rc5 Bd3 38. Rg5 Kf7 39. Rg3
Be4 40. Kf1 Rc2 41. Bd4 Bd5 42. Kg1 h6 43. Bf2 Rxf2 0-1

[Event "3o Piacenza Chess Festival - Open A"]
[Site "Piacenza ITA"]
[Date "2025.10.24"]
[Round "2.2"]
[White "HERCEGOVAC, Neven"]
[Black "OLUKA, Robert Mcligeyo"]
[Result "1-0"]
[WhiteElo "2287"]
[BlackElo "2090"]
[PlyCount "91"]
[EventDate "2025.10.24"]

1. e4 e5 2. Nf3 Nc6 3. c3 Nf6 4. d3 Bc5 5. b4 Bb6 6. b5 Ne7 7. Nxe5 d5 8. Qc2
O-O 9. Be2 Qe8 10. Ba3 d4 11. c4 Ba5+ 12. Nd2 Bc3 13. Rd1 a6 14. b6 cxb6 15.
Bb2 Bxd2+ 16. Qxd2 Qd8 17. h3 b5 18. O-O bxc4 19. dxc4 Nxe4 20. Qf4 Nc5 21.
Qxd4 Qxd4 22. Bxd4 Ne6 23. Bb6 Ng6 24. Nxg6 hxg6 25. c5 Ng5 26. h4 Ne4 27. Bf3
f5 28. Rfe1 Be6 29. a3 Rfe8 30. Bxe4 fxe4 31. Rxe4 Bd7 32. Rf4 Bc6 33. Rd6 Kh7
34. Rg4 Re1+ 35. Kh2 Be4 36. Re6 Bf5 37. Rxe1 Bxg4 38. Re7 Rf8 39. Rxb7 Rf7 40.
f3 Rxf3 41. Rc7 Bc8 42. c6 Rf8 43. Bd4 Be6 44. g3 Bd5 45. Rd7 Re8 46. Bxg7 1-0

[Event "3o Piacenza Chess Festival - Open A"]
[Site "Piacenza ITA"]
[Date "2025.10.24"]
[Round "2.3"]
[White "MARZATICO, Luca"]
[Black "TIRELLI, Mauro"]
[Result "1-0"]
[WhiteElo "2087"]
[BlackElo "2261"]
[PlyCount "189"]
[EventDate "2025.10.24"]

1. d4 c5 2. d5 e5 3. c4 d6 4. e4 Be7 5. Nf3 Bg4 6. Nc3 Nd7 7. Be2 Bxf3 8. Bxf3
a6 9. a4 Bg5 10. Bxg5 Qxg5 11. Qd2 h6 12. h4 Qg6 13. Ne2 Ne7 14. Ng3 O-O 15. h5
Qg5 16. Qxg5 hxg5 17. Bg4 Nf6 18. Be2 Rab8 19. Kd2 Ne8 20. Ra3 Nc7 21. Rb3 b6
22. Ra1 Rb7 23. Kc2 g6 24. hxg6 fxg6 25. Nh1 Rf4 26. f3 Rh4 27. Nf2 Rh2 28. Rg1
Kg7 29. Nh3 Kh6 30. Kd2 Ng8 31. Ke3 Nf6 32. Nf2 Kg7 33. Nh3 Nh5 34. Nxg5 Nf4
35. Bf1 Rh5 36. Nh3 Nxh3 37. gxh3 Rb8 38. Bg2 g5 39. Ra1 Rhh8 40. Bf1 Kf6 41.
Kf2 a5 42. Kg3 Na6 43. Rc3 Nb4 44. Bg2 Rh4 45. Kf2 Rf8 46. Ke2 Ke7 47. Rf1 Kd7
48. Kd2 Kc7 49. Rg1 Na6 50. Bf1 Rh5 51. Re3 Nb8 52. Rg3 Nd7 53. Re2 Nf6 54. Ke1
Nh7 55. Reg2 Rh4 56. Rg1 Rhf4 57. Be2 R8f6 58. Rg4 Rh6 59. Rxf4 exf4 60. Bf1
Kd7 61. Kf2 Ke7 62. Kg2 Nf8 63. Be2 Kf6 64. Rd1 Nd7 65. Rd3 Rh8 66. Rb3 Ke5 67.
Rd3 Rb8 68. Rd1 Nf6 69. Kf2 Rh8 70. Bf1 Nh5 71. Rd3 Ng3 72. Bg2 Rb8 73. Ke1 Kf6
74. Kf2 Re8 75. Rb3 Rb8 76. Rd3 Ke5 77. Rd1 Nh5 78. h4 Rg8 79. hxg5 Rxg5 80.
Rh1 Kd4 81. Bf1 Ng3 82. Rh6 Rh5 83. Rxd6 Rh1 84. Bg2 Rd1 85. Rxb6 Rd2+ 86. Kg1
Ke3 87. Rb3+ Ke2 88. e5 Nf5 89. Bf1+ Ke1 90. Rd3 Rxb2 91. d6 Nd4 92. Rxd4 cxd4
93. d7 Rb8 94. e6 Rg8+ 95. Bg2 1-0

[Event "3o Piacenza Chess Festival - Open A"]
[Site "Piacenza ITA"]
[Date "2025.10.24"]
[Round "2.4"]
[White "ROSTALNYI, Kyrylo"]
[Black "MAMMI, Ottavio"]
[Result "1-0"]
[WhiteElo "2079"]
[BlackElo "2182"]
[PlyCount "135"]
[EventDate "2025.10.24"]

1. e4 c5 2. Nf3 a6 3. c4 d6 4. Nc3 e5 5. a3 Nc6 6. Rb1 a5 7. Bd3 Be6 8. Nd5 g6
9. Bc2 Bg7 10. h4 h6 11. d3 Nge7 12. Ba4 O-O 13. h5 g5 14. Nxg5 hxg5 15. h6 f6
16. hxg7 Kxg7 17. Be3 Rc8 18. g3 Nd4 19. Bxd4 exd4 20. b4 Bxd5 21. cxd5 axb4
22. axb4 cxb4 23. Qh5 Rh8 24. Qxh8+ Qxh8 25. Rxh8 Rxh8 26. Rxb4 Rb8 27. Rxd4
Kf8 28. Rc4 Ra8 29. Rb4 Ng6 30. Kd2 Ra7 31. Ke3 Ne5 32. f4 gxf4+ 33. gxf4 Nf7
34. Bd7 Ke7 35. Bc8 Nd8 36. Rb6 Ra8 37. Bf5 Ra1 38. Rb3 Re1+ 39. Kf2 Ra1 40.
Rb5 Ra3 41. Ke3 Ra1 42. Bc8 Ra7 43. Kf3 Ra3 44. Bxb7 Rxd3+ 45. Ke2 Rc3 46. Rb6
Nxb7 47. Rxb7+ Ke8 48. Ra7 Rb3 49. Ra2 Ke7 50. Rd2 Rh3 51. Rd3 Rh2+ 52. Ke3 Rh1
53. Rd2 Ra1 54. Kf3 Ra4 55. Re2 Ra1 56. Kg4 Rh1 57. Ra2 Kf7 58. Ra7+ Kg6 59.
f5+ Kh6 60. Rf7 Rg1+ 61. Kf4 Rf1+ 62. Kg3 Re1 63. Rxf6+ Kg7 64. Re6 Kf7 65. Kf2
Rd1 66. Rxd6 Ke7 67. Re6+ Kf7 68. Ke3 1-0

[Event "3o Piacenza Chess Festival - Open A"]
[Site "Piacenza ITA"]
[Date "2025.10.24"]
[Round "2.5"]
[White "PISKOV, Yury"]
[Black "BONADE', Massimo"]
[Result "1-0"]
[WhiteElo "2435"]
[BlackElo "2011"]
[PlyCount "47"]
[EventDate "2025.10.24"]

1. d4 Nf6 2. Nf3 g6 3. Nbd2 d5 4. b3 Bg7 5. Bb2 O-O 6. e3 c5 7. dxc5 Qa5 8. a3
Qxc5 9. c4 dxc4 10. Bxc4 Nc6 11. O-O Rd8 12. b4 Qh5 13. Qb3 e6 14. a4 Nd5 15.
Bxg7 Kxg7 16. b5 Nce7 17. Ne4 f6 18. Ng3 Qh6 19. Rfd1 Bd7 20. Rd4 g5 21. e4 g4
22. exd5 e5 23. d6 Ng6 24. Be6 1-0

[Event "3o Piacenza Chess Festival - Open A"]
[Site "Piacenza ITA"]
[Date "2025.10.24"]
[Round "2.6"]
[White "FRANZA, Marco"]
[Black "DI BARTOLOMEO, Adrian Mikail"]
[Result "0-1"]
[WhiteElo "2088"]
[BlackElo "2076"]
[PlyCount "78"]
[EventDate "2025.10.24"]

1. e4 e5 2. Nf3 Nc6 3. Bc4 Bc5 4. c3 Nf6 5. d3 d6 6. a4 a5 7. Bg5 h6 8. Bh4 g5
9. Bg3 Bb6 10. Nbd2 Ne7 11. Qb3 Rh7 12. O-O Ng6 13. d4 Nd7 14. dxe5 Ndxe5 15.
Nxe5 dxe5 16. Nf3 Qe7 17. Rad1 g4 18. Bb5+ Kf8 19. Nd2 h5 20. h4 gxh3 21. Nc4
Be6 22. Qa3 Bc5 23. b4 axb4 24. cxb4 Bxb4 25. Qd3 Bxc4 26. Bxc4 Bd6 27. gxh3
Kg7 28. Bb3 Rhh8 29. Qd5 b6 30. h4 Ra5 31. Qd2 Nxh4 32. Qc3 Rc5 33. Qb2 Nf3+
34. Kg2 Nd4 35. f4 Nxb3 36. fxe5 Bxe5 37. Qxb3 Bxg3 38. Kxg3 Qe5+ 39. Kg2 Qxe4+
0-1

[Event "3o Piacenza Chess Festival - Open A"]
[Site "Piacenza ITA"]
[Date "2025.10.24"]
[Round "2.7"]
[White "CASADIO, Niccolo'"]
[Black "TRAMALLONI, Luca"]
[Result "1-0"]
[WhiteElo "2186"]
[BlackElo "1973"]
[PlyCount "127"]
[EventDate "2025.10.24"]

1. e4 c6 2. d4 d5 3. exd5 cxd5 4. c4 Nf6 5. Nc3 e6 6. c5 b6 7. cxb6 Qxb6 8. Nf3
Be7 9. a4 O-O 10. Be2 Nc6 11. O-O Ba6 12. Nb5 Ne4 13. Be3 Rfd8 14. a5 Qb7 15.
Nc3 Rab8 16. Ra2 Nb4 17. Ra4 Bxe2 18. Qxe2 Qc6 19. Ra3 Nc2 20. Ne5 Qc8 21. Ra2
Nxc3 22. bxc3 Nxe3 23. Qxe3 Bd6 24. Nf3 Rb3 25. Rc1 Qb8 26. g3 Rc8 27. Nd2 Rb2
28. Raa1 g6 29. h4 h5 30. Kg2 Kg7 31. Qd3 Qb5 32. Qxb5 Rxb5 33. Kf3 Rb2 34. Ke3
Rcb8 35. a6 Kf6 36. c4 Bb4 37. Nf3 dxc4 38. Rxc4 Bd6 39. Nd2 Ke7 40. Rca4 Bb4
41. Nc4 Rb3+ 42. Ke4 Rb5 43. Rd1 Bd6 44. Ne3 R5b4 45. Raa1 Rb2 46. Kf3 R4b3 47.
Rdc1 Rb5 48. Rc3 R2b3 49. Rc4 R3b4 50. Rxb4 Rxb4 51. d5 Bc5 52. Rc1 Bxe3 53.
fxe3 Kd7 54. dxe6+ fxe6 55. Rc5 Rb6 56. Rg5 e5 57. Rxe5 Rxa6 58. Kf4 Re6 59.
Ra5 a6 60. e4 Kc7 61. e5 Kb6 62. Ra1 a5 63. Ke4 Kc5 64. Rxa5+ 1-0

[Event "3o Piacenza Chess Festival - Open A"]
[Site "Piacenza ITA"]
[Date "2025.10.24"]
[Round "2.8"]
[White "DIONIGI, Riccardo"]
[Black "CANOVA, Luca"]
[Result "1-0"]
[WhiteElo "2071"]
[BlackElo "1998"]
[PlyCount "119"]
[EventDate "2025.10.24"]

1. d4 d5 2. c4 dxc4 3. Nf3 Nf6 4. e3 e6 5. Bxc4 c5 6. O-O a6 7. dxc5 Qxd1 8.
Rxd1 Bxc5 9. Be2 Nc6 10. Nbd2 Ke7 11. Nc4 Nd7 12. Bd2 b5 13. Na5 Nxa5 14. Bxa5
Bb7 15. a4 bxa4 16. Rxa4 Bc6 17. Ra2 Bb5 18. b4 Ba7 19. Bxb5 axb5 20. Rc2 Rhc8
21. Rdc1 Rxc2 22. Rxc2 Bb6 23. Ra2 e5 24. Nd2 Nb8 25. Nb3 Nc6 26. Kf1 Bxa5 27.
bxa5 Ra6 28. Ke2 f5 29. f3 g6 30. Rd2 Nb4 31. Rb2 Nd5 32. Rc2 Kd6 33. Rc8 Rc6
34. Rd8+ Ke6 35. Kd2 Nb4 36. f4 Rc2+ 37. Kd1 Rc3 38. Nd2 exf4 39. exf4 Ra3 40.
Ra8 Ra1+ 41. Ke2 Kd5 42. Rh8 Rxa5 43. Rxh7 Ra6 44. h4 Rb6 45. h5 Nc6 46. hxg6
Ke6 47. Rf7 Ne7 48. Nf3 Nxg6 49. Ng5+ Kd5 50. Rxf5+ Kc4 51. Nf3 Kc3 52. Nd2 Kb2
53. g3 Ne7 54. Rc5 Nc6 55. f5 Nd4+ 56. Kd3 Nb3 57. Rc2+ Ka3 58. Nxb3 Kxb3 59.
Rf2 b4 60. f6 1-0

[Event "3o Piacenza Chess Festival - Open A"]
[Site "Piacenza ITA"]
[Date "2025.10.24"]
[Round "2.9"]
[White "MANGILI, Gabriele"]
[Black "BOSI, Clint"]
[Result "1/2-1/2"]
[WhiteElo "1984"]
[BlackElo "2067"]
[PlyCount "88"]
[EventDate "2025.10.24"]

1. Nf3 d5 2. b3 Nf6 3. Bb2 c5 4. e3 Nc6 5. Bb5 Bg4 6. h3 Bh5 7. g4 Bg6 8. Ne5
Qb6 9. Bxc6+ bxc6 10. d3 Nd7 11. Nxd7 Kxd7 12. f4 f6 13. Qf3 e6 14. Nd2 Bd6 15.
O-O-O Rhf8 16. e4 Bf7 17. Rhf1 Bg8 18. Qg2 a5 19. a4 Qc7 20. f5 e5 21. g5 Qd8
22. gxf6 gxf6 23. Rg1 Bf7 24. Qf2 Rg8 25. Rxg8 Qxg8 26. Rg1 Qh8 27. Ba3 d4 28.
Rg2 Rg8 29. Qg1 Rxg2 30. Qxg2 Qg8 31. Qxg8 Bxg8 32. Nc4 Bxc4 33. bxc4 Ke8 34.
Kd1 Kf7 35. Ke2 Kg7 36. Kf3 Kh6 37. Kg4 Be7 38. Kh4 Bd6 39. Bc1+ Kg7 40. Kh5
Bc7 41. Ba3 Bd6 42. Bc1 Bc7 43. Bh6+ Kg8 44. Bd2 Kg7 1/2-1/2

[Event "3o Piacenza Chess Festival - Open A"]
[Site "Piacenza ITA"]
[Date "2025.10.24"]
[Round "2.10"]
[White "BERGAMASCHI, Elia"]
[Black "SPECIALE, Francesco"]
[Result "1-0"]
[WhiteElo "2061"]
[BlackElo "1972"]
[PlyCount "99"]
[EventDate "2025.10.24"]

1. d4 Nf6 2. c4 e6 3. Nf3 d5 4. g3 c6 5. Bg2 Nbd7 6. O-O Bd6 7. Nc3 O-O 8. Nd2
Re8 9. e4 dxe4 10. Ndxe4 Nxe4 11. Nxe4 Be7 12. Qc2 f5 13. Nc3 Nf6 14. Rd1 Qc7
15. Bf4 Bd6 16. Bxd6 Qxd6 17. d5 Qc7 18. dxc6 bxc6 19. Nb5 cxb5 20. Bxa8 bxc4
21. Bg2 Ba6 22. Rac1 Qb6 23. Qc3 Rb8 24. Rc2 Re8 25. Qd4 Kf7 26. Qxb6 axb6 27.
Rd6 Rb8 28. Rc6 Ng4 29. Rc7+ Kf6 30. Ra7 Bb5 31. a4 Be8 32. Rxc4 Rd8 33. Rc2
Rd1+ 34. Bf1 Ne5 35. Kg2 Ra1 36. Be2 Bxa4 37. f3 Bxc2 38. Rxa1 Bd3 39. Kf2 Bxe2
40. Kxe2 Nc4 41. b4 g5 42. Ra7 h5 43. Rb7 f4 44. gxf4 gxf4 45. Kd3 Ne5+ 46. Ke4
Nc4 47. Kxf4 e5+ 48. Kg3 Kf5 49. Rf7+ Kg6 50. Rc7 1-0

[Event "3o Piacenza Chess Festival - Open A"]
[Site "Piacenza ITA"]
[Date "2025.10.24"]
[Round "2.11"]
[White "BALDI, Matteo"]
[Black "PIN, Orlando"]
[Result "1/2-1/2"]
[WhiteElo "2008"]
[BlackElo "1955"]
[PlyCount "59"]
[EventDate "2025.10.24"]

1. e4 c5 2. Nf3 Nc6 3. Bb5 e6 4. O-O Nge7 5. Re1 a6 6. Bf1 d5 7. exd5 Nxd5 8.
d4 Nf6 9. Be3 Be7 10. h3 O-O 11. Nc3 cxd4 12. Nxd4 Nxd4 13. Bxd4 b5 14. Qf3 Rb8
15. Rad1 Qe8 16. Qg3 Bb7 17. Bd3 Rd8 18. Be4 Nh5 19. Qe5 Bxe4 20. Nxe4 Rd5 21.
Qc7 Qd8 22. Qa7 Rd7 23. Bb6 Rxa7 24. Rxd8 Rb7 25. Rxf8+ Kxf8 26. Bc5 Nf6 27.
Nxf6 gxf6 28. Bxe7+ Kxe7 29. Rd1 Rc7 30. Rd2 1/2-1/2

[Event "3o Piacenza Chess Festival - Open A"]
[Site "Piacenza ITA"]
[Date "2025.10.25"]
[Round "3.1"]
[White "NIKOLOVSKI, Nikola"]
[Black "MARZATICO, Luca"]
[Result "1-0"]
[WhiteElo "2402"]
[BlackElo "2087"]
[PlyCount "45"]
[EventDate "2025.10.24"]

1. e4 e6 2. f4 d5 3. e5 c5 4. Nf3 Nc6 5. c3 Nge7 6. Na3 a6 7. d4 cxd4 8. cxd4
Nf5 9. Nc2 Bd7 10. Bd3 g6 11. O-O Qb6 12. g4 Ng7 13. Bd2 h5 14. h3 hxg4 15.
hxg4 Be7 16. Kg2 O-O-O 17. b4 Ne8 18. a4 a5 19. b5 Nb4 20. Nxb4 Bxb4 21. Bxb4
axb4 22. a5 Qa7 23. Qb3 1-0

[Event "3o Piacenza Chess Festival - Open A"]
[Site "Piacenza ITA"]
[Date "2025.10.25"]
[Round "3.2"]
[White "ROSTALNYI, Kyrylo"]
[Black "HERCEGOVAC, Neven"]
[Result "1/2-1/2"]
[WhiteElo "2079"]
[BlackElo "2287"]
[PlyCount "42"]
[EventDate "2025.10.24"]

1. e4 c5 2. Nf3 Nc6 3. d4 cxd4 4. Nxd4 Nf6 5. Nc3 e5 6. Ndb5 d6 7. Bg5 a6 8.
Na3 b5 9. Nab1 Be7 10. Bxf6 Bxf6 11. a4 b4 12. Nd5 O-O 13. Bc4 Be6 14. O-O Bg5
15. Qd3 a5 16. c3 Rc8 17. Rd1 h5 18. b3 Bg4 19. Re1 Be6 20. Rd1 Bg4 21. Re1 Be6
1/2-1/2

[Event "3o Piacenza Chess Festival - Open A"]
[Site "Piacenza ITA"]
[Date "2025.10.25"]
[Round "3.3"]
[White "TIRELLI, Mauro"]
[Black "PISKOV, Yury"]
[Result "1-0"]
[WhiteElo "2261"]
[BlackElo "2435"]
[PlyCount "91"]
[EventDate "2025.10.24"]

1. d4 Nf6 2. c4 c6 3. Nf3 d5 4. Nc3 a6 5. e3 e6 6. Bd2 dxc4 7. Bxc4 b5 8. Bd3
c5 9. Qe2 Nbd7 10. O-O Bb7 11. Rfd1 Qb6 12. a4 c4 13. Bc2 b4 14. a5 Qc7 15. Na4
Rc8 16. e4 Be7 17. e5 Nd5 18. Bg5 h6 19. Bxe7 Nxe7 20. Nd2 O-O 21. Ne4 Bd5 22.
Nac5 b3 23. Bb1 Nxc5 24. Nxc5 Nc6 25. Ne4 Rfd8 26. Nd6 Rxd6 27. exd6 Qxd6 28.
Be4 f5 29. Bf3 Kh8 30. Ra4 Bxf3 31. gxf3 Nxd4 32. Qe3 Qc6 33. Rxd4 Qxa4 34.
Qxe6 Qc6 35. Rd8+ Rxd8 36. Qxc6 Rd1+ 37. Kg2 Rc1 38. Qc8+ Kh7 39. Qxf5+ Kh8 40.
Qc8+ Kh7 41. Qxa6 c3 42. Qd3+ Kh8 43. a6 c2 44. Qxb3 Rg1+ 45. Kxg1 c1=Q+ 46.
Kg2 1-0